| 000 | 00569nam a2200169 i 4500 | ||
|---|---|---|---|
| 001 | 24402 | ||
| 003 | ES-MaACL | ||
| 005 | 20230906153037.0 | ||
| 007 | t| | ||
| 008 | 021217s1972 sp ||||1| spa d | ||
| 245 | 0 | 0 |
_aAntología del cuento literario en Huelva / _crecopilación, prólogo, notas y edición: José Manuel Gómez y Méndez. |
| 250 | _a[1ª ed.]. | ||
| 260 |
_a[Huelva : _bs.n., _c1972] ( _fGráf. Gaymor) |
||
| 300 |
_a190 p. : _bgrabs. retr. aut. ; _c22 cm. |
||
| 700 | 1 |
_aGómez y Méndez, José Manuel. _958191 |
|
| 852 |
_aES-MaACL _jC-45241 _bR.83539 |
||
| 999 |
_c24402 _d24402 |
||